000 01085naa a22003017a 4500
001 BR9510623
003 BR-BrBNA
005 20240918181446.0
007 ta
008 230509b bl.||||| |||| 00| 0 por d
040 _aBR-BrBNA
_bpor
_cBiblioteca Nacional de Agricultura
041 _a(Pt)
072 _aF30
_b0180
090 _aF30 BR9510623
100 1 _aLeite, J.C.
100 1 _aSilva, A.R. da
100 1 _aAndrade, J.M.V. de
245 1 _aExperimentacao de variedades e linhagens de trigo no Planalto Central
260 3 _aBrasilia, DF (Brasil):
_c1979.
500 _aTrabalhos com trigo, cevada e triticale no Centro de Pesquisa Agropecuaria dos Cerrados em 1979 Brasilia, DF (Brasil): 1979. p. 1-25 (BR9510623-AM)F30
650 _aTrigo
650 _aVariedade
650 _aLinhagem
650 _aCaracteristicas Agronomicas
773 0 _tTrabalhos com trigo, cevada e triticale no Centro de Pesquisa Agropecuaria dos Cerrados em 1979
_wF30 BR9510623
_gBrasilia, DF (Brasil), 1979. p. 1-25
909 _a202404
_bLucia
_c55
_dLucia Elande
942 _cAM
_2AGRIS
999 _c325353
_d325353